Neadiabatičeskije perechody v sil´nom elektromagnitnom pole /
Uložené v:
| Hlavný autor: | |
|---|---|
| Médium: | Kniha |
| Jazyk: | Russian |
| Vydané: |
Kišinev :
Štiinca,
1980.
|
| Fyzický popis: |
173 strán. |
| Tagy: |
Pridať tag
Žiadne tagy, Buďte prvý kto otaguje tento záznam!
|
Titul je dostupný aj v ... 

MARC
| LEADER | 00000nam a22000002i 4500 | ||
|---|---|---|---|
| 001 | 000632513 | ||
| 005 | 20200415100308.0 | ||
| 008 | 200414s1980 mv e 000 0 rus d | ||
| 020 | |c Kčs 25,00 |q (viazané) | ||
| 040 | |a SVKKK |b slo |c SVKKK |e rda | ||
| 100 | 1 | |a Kovarskij, Viktor Anatol´jevič |4 aut | |
| 245 | 1 | 0 | |a Neadiabatičeskije perechody v sil´nom elektromagnitnom pole / |c Viktor Anatol´jevič Kovarskij. |
| 264 | 1 | |a Kišinev : |b Štiinca, |c 1980. | |
| 300 | |a 173 strán. | ||
| 336 | |a text |b txt |2 rdacontent | ||
| 337 | |a bez média |b n |2 rdamedia | ||
| 338 | |a zväzok |b nc |2 rdacarrier | ||
| 500 | |a Záznam revízie | ||
| 910 | |a svkkk | ||
| 998 | |a BK | ||
| 090 | |g SCKHL |k Sklad Pribinova 2. posch. |a III.118518 |j 629994 |i 2720727195 |4 Zastaraná |s Vyradená | ||